00790nam a2200121Ia 4500008004100000020001800041100009500059245016500154260002700319650002200346650026000368856004000628171212s9999 xx 000 0 und d a9780833046918 aLarson, Eric V.;Darilek, Richard E.;Kaye, Dalia Dassa;Morgan, Forrest E.;Nichiporuk, Brian cLarson, Eric V.;Darilek, Richard E.;Kaye, Dalia Dassa;Morgan, Forrest E.;Nichiporuk, BrianaUnderstanding Commanders' Information Needs for Influence Operations bRAND Corporationc2009 aPolitical Science aUnited States -- Armed Forces -- Officers -- Information services; Generals -- United States -- Information services; Command of troops; Influence (Psychology); Information warfare -- United States; Combined operations (Military science); United States -- uwww.jstor.org/stable/10.7249/mg656a